[Event "Campeonato del Mundo sub-20 2010 Fem."]
[Site "Chotowa-Czarna, Poland"]
[Date "2010.08.04"]
[Round "2.38"]
[White "Zmarzly, Aleksandra"]
[Black "Ferreira, Susana Carolina G"]
[Result "1-0"]
[WhiteElo "2026"]
[BlackElo "1726"]
[PlyCount "57"]
[EventDate "2010.08.03"]
[EventType "swiss"]
[EventRounds "13"]
[EventCountry "POL"]
[Source "lmi"]
[SourceDate "2010.08.03"]

1. e4 c5 2. Nf3 e6 3. d4 cxd4 4. Nxd4 a6 5. Nc3 Qc7 6. Bd3 Nc6 7. Nxc6 bxc6 8.
Qe2 Ne7 9. O-O d5 10. f4 d4 11. Nd1 c5 12. Bd2 Nc6 13. b3 e5 14. Nb2 Bd6 15. f5
Be7 16. Nc4 a5 17. Qh5 Bf6 18. g4 g6 19. Qh6 Qe7 20. Nb6 Qd6 21. Nxa8 Bd8 22.
fxg6 Qxg6 23. Qxg6 hxg6 24. Bc4 Rh7 25. Nb6 Bxb6 26. Rf6 Bd7 27. Bd5 Bd8 28.
Rxc6 Bxc6 29. Bxc6+ 1-0

[Event "Campeonato del Mundo sub-20 2010 Fem."]
[Site "Chotowa-Czarna, Poland"]
[Date "2010.08.05"]
[Round "3.1"]
[White "Muzychuk, Anna"]
[Black "Kulon, Klaudia"]
[Result "1-0"]
[WhiteElo "2527"]
[BlackElo "2230"]
[PlyCount "61"]
[EventDate "2010.08.03"]
[EventType "swiss"]
[EventRounds "13"]
[EventCountry "POL"]
[Source "lmi"]
[SourceDate "2010.08.03"]

1. e4 e5 2. Nf3 Nc6 3. Bb5 a6 4. Ba4 Nf6 5. Bxc6 dxc6 6. d3 Qd6 7. Nbd2 Be6 8.
b3 Nd7 9. Ng5 h6 10. Nxe6 Qxe6 11. O-O Be7 12. Nc4 O-O 13. Qh5 Rfe8 14. f4 exf4
15. Bxf4 b5 16. Ne3 Bf6 17. Rae1 Be5 18. Nf5 Bxf4 19. Rxf4 Ne5 20. Re3 Ng6 21.
Rg4 Qf6 22. Rf3 Qb2 23. h4 Re6 24. Kh2 Rf8 25. Rgg3 Kh7 26. a4 Rg8 27. Nxh6
gxh6 28. Rxf7+ Rg7 29. Qf5 Rd6 30. h5 Rxf7 31. hxg6+ 1-0

[Event "Campeonato del Mundo sub-20 2010 Fem."]
[Site "Chotowa-Czarna, Poland"]
[Date "2010.08.05"]
[Round "3.2"]
[White "Mammadova, Gulnar Marfat"]
[Black "Cori Tello, Deysi Estela"]
[Result "1-0"]
[WhiteElo "2260"]
[BlackElo "2403"]
[PlyCount "70"]
[EventDate "2010.08.03"]
[EventType "swiss"]
[EventRounds "13"]
[EventCountry "POL"]
[Source "lmi"]
[SourceDate "2010.08.03"]

1. e4 e6 2. d4 d5 3. Nc3 Bb4 4. exd5 exd5 5. Bd3 c5 6. dxc5 Nc6 7. Nge2 Nge7 8.
O-O Bg4 9. Na4 O-O 10. f3 Bf5 11. a3 Ba5 12. Bf4 Re8 13. Bxf5 Nxf5 14. Qd3 Qf6
15. b4 Rxe2 16. Qxe2 Qd4+ 17. Qf2 Qxf4 18. g3 Qc4 19. Nb2 Qc3 20. Na4 Qc4 21.
Nb2 Qb5 22. c3 Ne5 23. bxa5 Rc8 24. Rfe1 f6 25. Rad1 Qxa5 26. Nd3 Qxc3 27. Nxe5
fxe5 28. Rxd5 Nd4 29. Kg2 Nc6 30. Qe3 Qc2+ 31. Rd2 Qc4 32. Rd7 Rf8 33. Rxb7
Qa2+ 34. Re2 Qd5 35. Qe4 Qe6 1-0

[Event "Campeonato del Mundo sub-20 2010 Fem."]
[Site "Chotowa-Czarna, Poland"]
[Date "2010.08.05"]
[Round "3.3"]
[White "Girya, Olga"]
[Black "Nakhbayeva, Guliskhan"]
[Result "1-0"]
[WhiteElo "2376"]
[BlackElo "2216"]
[PlyCount "103"]
[EventDate "2010.08.03"]
[EventType "swiss"]
[EventRounds "13"]
[EventCountry "POL"]
[Source "lmi"]
[SourceDate "2010.08.03"]

1. d4 d5 2. Nf3 c6 3. c4 Nf6 4. Nc3 a6 5. a4 e6 6. Bf4 a5 7. e3 Bb4 8. Rc1 O-O
9. Bd3 Nbd7 10. O-O b6 11. cxd5 cxd5 12. Nb5 Ba6 13. Bc7 Qe7 14. Ne5 Nxe5 15.
dxe5 Nd7 16. Qe2 Bc5 17. Bd6 Bxd6 18. exd6 Qf6 19. Nc7 Bxd3 20. Qxd3 Rab8 21.
Qb5 Nc5 22. Na6 Nxa6 23. Qxa6 Rfd8 24. Qa7 Qxb2 25. d7 Qe5 26. Rc6 g6 27. Rfc1
Kg7 28. Rxb6 Rxb6 29. Qxb6 Rxd7 30. Qxa5 Rb7 31. g3 Rb2 32. Qc5 Ra2 33. a5 Qb2
34. Rf1 Qd2 35. Qd6 Qc3 36. a6 Qc8 37. Qe5+ f6 38. Qd6 Kf7 39. Rb1 Rxa6 40. Qb4
Ra7 41. h4 Rd7 42. Qb5 Kg7 43. Qb6 Re7 44. Rb5 Qd7 45. Qc5 Qd8 46. Qb4 Qc7 47.
Kh2 Kf7 48. Kg2 Qd8 49. Rb8 Qd7 50. Rh8 Kg7 51. Qb8 Rf7 52. Rg8+ 1-0

[Event "Campeonato del Mundo sub-20 2010 Fem."]
[Site "Chotowa-Czarna, Poland"]
[Date "2010.08.05"]
[Round "3.4"]
[White "Ohme, Melanie"]
[Black "Toth, Sarolta"]
[Result "1-0"]
[WhiteElo "2326"]
[BlackElo "2207"]
[PlyCount "81"]
[EventDate "2010.08.03"]
[EventType "swiss"]
[EventRounds "13"]
[EventCountry "POL"]
[Source "lmi"]
[SourceDate "2010.08.03"]

1. e4 e5 2. Nf3 Nc6 3. Bb5 Nf6 4. O-O Nxe4 5. d4 Nd6 6. Bxc6 dxc6 7. dxe5 Nf5
8. Qe2 Nd4 9. Nxd4 Qxd4 10. Rd1 Bg4 11. Rxd4 Bxe2 12. Nc3 Bh5 13. Bg5 h6 14.
Bh4 Be7 15. Bxe7 Kxe7 16. f3 Rhd8 17. Rad1 Bg6 18. R4d2 Rxd2 19. Rxd2 Rd8 20.
Re2 c5 21. Kf2 a6 22. a4 b6 23. g4 f5 24. Kg3 fxg4 25. Kxg4 Rd4+ 26. f4 Be8 27.
b3 g5 28. Re4 gxf4 29. Rxd4 cxd4 30. Nd5+ Kd7 31. Nf6+ Ke7 32. Nxe8 Kxe8 33.
Kxf4 a5 34. Ke4 c5 35. Kd5 Kd7 36. e6+ Ke7 37. Ke5 h5 38. Kd5 Ke8 39. Ke5 Ke7
40. Kd5 h4 41. h3 1-0

[Event "Campeonato del Mundo sub-20 2010 Fem."]
[Site "Chotowa-Czarna, Poland"]
[Date "2010.08.05"]
[Round "3.5"]
[White "Ziaziulkina, Nastassia"]
[Black "Pavlidou, Ekaterini"]
[Result "1-0"]
[WhiteElo "2293"]
[BlackElo "2182"]
[PlyCount "83"]
[EventDate "2010.08.03"]
[EventType "swiss"]
[EventRounds "13"]
[EventCountry "POL"]
[Source "lmi"]
[SourceDate "2010.08.03"]

1. e4 c5 2. Nf3 Nc6 3. d4 cxd4 4. Nxd4 Nf6 5. Nc3 e5 6. Ndb5 d6 7. Bg5 a6 8.
Na3 b5 9. Nd5 Be7 10. Bxf6 Bxf6 11. c3 Ne7 12. Nxf6+ gxf6 13. Bd3 Bb7 14. Qe2
d5 15. Nc2 Qb6 16. Nb4 dxe4 17. Bxe4 Bxe4 18. Qxe4 Rd8 19. O-O O-O 20. Kh1 Qe6
21. f4 a5 22. Nc2 Rd2 23. Ne1 Rfd8 24. Nf3 Rxb2 25. fxe5 Ng6 26. Rab1 f5 27.
Qe1 Qxa2 28. Rxb2 Qxb2 29. e6 Qa2 30. exf7+ Qxf7 31. Nd4 Rd5 32. Qb1 Nh4 33.
Rf4 Ng6 34. Nxf5 Nxf4 35. Nh6+ Kg7 36. Nxf7 Kxf7 37. Qxh7+ Ke6 38. h4 Nd3 39.
Qg8+ Ke5 40. h5 Ke4 41. Qg4+ Ke3 42. Qf3+ 1-0

[Event "Campeonato del Mundo sub-20 2010 Fem."]
[Site "Chotowa-Czarna, Poland"]
[Date "2010.08.05"]
[Round "3.6"]
[White "Skinke, Katrina"]
[Black "Muminova, Nafisa"]
[Result "0-1"]
[WhiteElo "2237"]
[BlackElo "2290"]
[PlyCount "96"]
[EventDate "2010.08.03"]
[EventType "swiss"]
[EventRounds "13"]
[EventCountry "POL"]
[Source "lmi"]
[SourceDate "2010.08.03"]

1. e4 e5 2. Nf3 Nc6 3. Bc4 Nf6 4. d3 Bc5 5. O-O a6 6. Bb3 d6 7. c3 Ba7 8. Nbd2
O-O 9. Nc4 Be6 10. Ne3 h6 11. Bc2 Ne7 12. d4 Ng6 13. Nf5 Nh7 14. Be3 Qf6 15.
Qe2 Rfe8 16. dxe5 dxe5 17. g3 Bxf5 18. exf5 Nf4 19. Qc4 b5 20. Qe4 Bxe3 21.
Qxe3 Nd5 22. Qc5 Rad8 23. c4 bxc4 24. Qxc4 Nb6 25. Qe4 Qd6 26. Rfd1 Nd5 27. Rf1
Qf6 28. Qc4 Nb6 29. Qe4 Qd6 30. Rfd1 Nd5 31. Qc4 Nhf6 32. Nd2 Qb6 33. Ne4 Nxe4
34. Bxe4 Nf6 35. Bc6 Rf8 36. b3 Rd4 37. Rxd4 exd4 38. Rd1 Rd8 39. b4 d3 40. Rd2
Rd4 41. Qc3 Ng4 42. Bf3 Ne5 43. Bd1 Qd6 44. a3 Rc4 45. Qb2 Re4 46. Qb3 Re1+ 47.
Kg2 Qc6+ 48. f3 Qc1 0-1

[Event "Campeonato del Mundo sub-20 2010 Fem."]
[Site "Chotowa-Czarna, Poland"]
[Date "2010.08.05"]
[Round "3.8"]
[White "Padmini, Rout"]
[Black "Rysbayeva, Nazerke"]
[Result "1-0"]
[WhiteElo "2275"]
[BlackElo "2052"]
[PlyCount "81"]
[EventDate "2010.08.03"]
[EventType "swiss"]
[EventRounds "13"]
[EventCountry "POL"]
[Source "lmi"]
[SourceDate "2010.08.03"]

1. e4 c6 2. Nc3 d5 3. Nf3 Bg4 4. Ng1 Bc8 5. Nf3 Bg4 6. h3 Bxf3 7. Qxf3 e6 8. d3
Nf6 9. Bd2 Bb4 10. O-O-O d4 11. Nb1 Bxd2+ 12. Nxd2 Qc7 13. g4 Na6 14. g5 Nd7
15. h4 Ndc5 16. Kb1 O-O-O 17. Qg4 h5 18. Qg3 Qxg3 19. fxg3 f6 20. Nf3 Nc7 21.
Bh3 Kb8 22. Rh2 Rhf8 23. Rf1 f5 24. Ne5 a5 25. a3 a4 26. Rhf2 Rfe8 27. Bg2 fxe4
28. Bxe4 Nd5 29. Bg6 Re7 30. Rf8 Rxf8 31. Rxf8+ Kc7 32. Bxh5 Ne3 33. Be8 Nf5
34. Ng6 Kd6 35. Nxe7 Kxe7 36. Rg8 Nd7 37. Bxd7 Kxd7 38. h5 Ke7 39. g4 Kf7 40.
gxf5 Kxg8 41. fxe6 1-0

[Event "Campeonato del Mundo sub-20 2010 Fem."]
[Site "Chotowa-Czarna, Poland"]
[Date "2010.08.05"]
[Round "3.9"]
[White "Gosciniak, Maria"]
[Black "Melekhina, Alisa"]
[Result "1-0"]
[WhiteElo "2149"]
[BlackElo "2265"]
[PlyCount "135"]
[EventDate "2010.08.03"]
[EventType "swiss"]
[EventRounds "13"]
[EventCountry "POL"]
[Source "lmi"]
[SourceDate "2010.08.03"]

1. e4 e5 2. Nf3 Nc6 3. d4 exd4 4. Nxd4 Bc5 5. Nxc6 Qf6 6. Qf3 dxc6 7. Bc4 Be6
8. Qxf6 Nxf6 9. Bxe6 fxe6 10. f3 O-O-O 11. Nc3 Rhg8 12. Na4 Bb4+ 13. c3 Be7 14.
Be3 Nd7 15. b3 b5 16. Nb2 Bf6 17. Rc1 a5 18. Ke2 Ne5 19. Rhd1 Rxd1 20. Rxd1 g5
21. Bd4 Rf8 22. Nd3 Ng6 23. Bxf6 Rxf6 24. g3 e5 25. Ke3 Rd6 26. Ra1 Kb7 27. a4
Kb6 28. b4 Rd8 29. axb5 axb4 30. cxb4 Rd4 31. bxc6 Rc4 32. Ra5 Rxb4 33. Nxb4
Kxa5 34. Nd5 Kb5 35. Nxc7+ Kxc6 36. Ne6 h6 37. Nd8+ Kd6 38. Nf7+ Ke6 39. Nxh6
Kf6 40. Nf5 Ke6 41. h4 gxh4 42. Nxh4 Ne7 43. f4 Nc6 44. Nf3 exf4+ 45. gxf4 Nb4
46. Ne1 Nc6 47. f5+ Kf6 48. Nd3 Kg5 49. Nc5 Ne5 50. Kd4 Kf6 51. Kd5 Nf7 52.
Nd7+ Ke7 53. Ne5 Nh6 54. Nc4 Kf6 55. Nd6 Ng4 56. Kd4 Ke7 57. e5 Kd7 58. Nc4 Ke7
59. Ne3 Nh6 60. Kd5 Kd7 61. e6+ Ke8 62. f6 Kd8 63. Kd6 Ke8 64. Ke5 Kf8 65. Nd5
Ng4+ 66. Kd6 Kg8 67. Ke7 Kh7 68. f7 1-0

[Event "Campeonato del Mundo sub-20 2010 Fem."]
[Site "Chotowa-Czarna, Poland"]
[Date "2010.08.05"]
[Round "3.10"]
[White "Abdulla, Khayala Mardan"]
[Black "Guramishvili, Sopiko"]
[Result "1-0"]
[WhiteElo "2193"]
[BlackElo "2298"]
[PlyCount "109"]
[EventDate "2010.08.03"]
[EventType "swiss"]
[EventRounds "13"]
[EventCountry "POL"]
[Source "lmi"]
[SourceDate "2010.08.03"]

1. e4 c5 2. Nf3 d6 3. d4 cxd4 4. Nxd4 Nf6 5. Nc3 a6 6. Bc4 e6 7. Bb3 b5 8. O-O
Be7 9. Qf3 Qb6 10. Be3 Qb7 11. Qg3 b4 12. Na4 Nbd7 13. f3 O-O 14. c3 bxc3 15.
Nxc3 Kh8 16. Rac1 Nc5 17. Na4 Bd7 18. Nxc5 dxc5 19. Ne2 Rac8 20. Qf2 Bb5 21.
Rfe1 Nd7 22. Nc3 Ne5 23. Bc2 Rfd8 24. Bb1 Bd3 25. Red1 c4 26. Kh1 Bf6 27. Kg1
Be7 28. Kh1 Bf6 29. Na4 Qb5 30. Nc5 Bxb1 31. Rxb1 Rxc5 32. Rxd8+ Bxd8 33. Bxc5
Nd3 34. Qd4 Bc7 35. Bf8 f6 36. g3 Kg8 37. Ba3 h5 38. b3 Ne5 39. f4 Bb6 40. Qd6
Ng4 41. Qxe6+ Kh7 42. Qf5+ Qxf5 43. exf5 c3 44. Rc1 Bd4 45. Kg2 g6 46. fxg6+
Kxg6 47. Kf3 Kf5 48. Bb4 Nxh2+ 49. Kg2 Ng4 50. Bxc3 Be3 51. Re1 Bb6 52. Bd2 Nf2
53. Kf3 Nd3 54. Re8 a5 55. Re1 1-0

[Event "Campeonato del Mundo sub-20 2010 Fem."]
[Site "Chotowa-Czarna, Poland"]
[Date "2010.08.05"]
[Round "3.12"]
[White "Labedz, Patrycja"]
[Black "Severiukhina, Zoja"]
[Result "0-1"]
[WhiteElo "2076"]
[BlackElo "2341"]
[PlyCount "78"]
[EventDate "2010.08.03"]
[EventType "swiss"]
[EventRounds "13"]
[EventCountry "POL"]
[Source "lmi"]
[SourceDate "2010.08.03"]

1. d4 Nf6 2. Nf3 g6 3. g3 Bg7 4. Bg2 O-O 5. c4 d6 6. O-O Nc6 7. Nc3 a6 8. d5
Na5 9. Nd2 c5 10. Qc2 e6 11. e4 exd5 12. cxd5 Re8 13. b3 b5 14. Bb2 Bd7 15.
Rae1 Qb6 16. Kh1 b4 17. Nd1 Bb5 18. Nc4 Bxc4 19. bxc4 b3 20. axb3 Qxb3 21. Qxb3
Nxb3 22. Re2 a5 23. f4 a4 24. Ba3 Nd4 25. Ra2 Nxe4 26. Bxe4 Rxe4 27. Nc3 Re3
28. Bb2 Nf5 29. Rxa4 Rb8 30. Nd1 Bxb2 31. Nxe3 Nxe3 32. Rb1 Rb3 33. h3 Kg7 34.
g4 Kf6 35. g5+ Kf5 36. h4 Kg4 37. Kh2 Nf5 38. Rg1+ Kxh4 39. Ra7 Bd4 0-1

[Event "Campeonato del Mundo sub-20 2010 Fem."]
[Site "Chotowa-Czarna, Poland"]
[Date "2010.08.05"]
[Round "3.13"]
[White "Olsarova, Tereza"]
[Black "Osmanodja, Filiz"]
[Result "1-0"]
[WhiteElo "2252"]
[BlackElo "2061"]
[PlyCount "72"]
[EventDate "2010.08.03"]
[EventType "swiss"]
[EventRounds "13"]
[EventCountry "POL"]
[Source "lmi"]
[SourceDate "2010.08.03"]

1. e4 c5 2. Nf3 Nc6 3. d4 cxd4 4. Nxd4 Nf6 5. Nc3 d6 6. Be2 e5 7. Nb3 Be7 8.
Bg5 O-O 9. Qd2 a5 10. a4 Be6 11. O-O Nb4 12. Rad1 Rc8 13. Bf3 Rc6 14. h3 b6 15.
Na1 h6 16. Be3 Rc8 17. Rfe1 Qc7 18. Nb5 Qb8 19. b3 d5 20. exd5 Nbxd5 21. Bxd5
Nxd5 22. Qe2 Nxe3 23. Qxe3 Rc5 24. c4 f5 25. Nc2 f4 26. Qc1 Rf6 27. f3 Rg6 28.
Kh2 Bh4 29. Rf1 e4 30. Ncd4 Rcg5 31. Nxe6 Rxe6 32. Rd5 Rg3 33. Rh5 Bg5 34. c5
Re5 35. c6 Rc5 36. c7 Qe8 1-0

[Event "Campeonato del Mundo sub-20 2010 Fem."]
[Site "Chotowa-Czarna, Poland"]
[Date "2010.08.05"]
[Round "3.14"]
[White "Lach, Aleksandra"]
[Black "Zmarzly, Aleksandra"]
[Result "1/2-1/2"]
[WhiteElo "2179"]
[BlackElo "2026"]
[PlyCount "118"]
[EventDate "2010.08.03"]
[EventType "swiss"]
[EventRounds "13"]
[EventCountry "POL"]
[Source "lmi"]
[SourceDate "2010.08.03"]

1. e4 c5 2. Nf3 e6 3. d3 Nc6 4. Nbd2 d5 5. g3 Nf6 6. Bg2 Be7 7. O-O b5 8. Re1
Bb7 9. c3 Qc7 10. Qe2 h6 11. a3 g5 12. Nf1 O-O-O 13. b4 g4 14. Nh4 d4 15. Bb2
Kb8 16. bxc5 Bxc5 17. Rac1 Qb6 18. c4 bxc4 19. Rxc4 Ne5 20. Rc2 Ba6 21. Rd1 Ka8
22. Bc1 Nfd7 23. f4 gxf3 24. Nxf3 Nxf3+ 25. Qxf3 Ne5 26. Qh5 Bd6 27. Bf4 f6 28.
Qe2 Rb8 29. Bxe5 fxe5 30. Nd2 Qa5 31. Kh1 Rhc8 32. Nf3 Qa4 33. Rxc8 Rxc8 34.
Bh3 Rc2 35. Rd2 Rxd2 36. Qxd2 Qb3 37. Bf1 h5 38. Ng5 Bxa3 39. Nf7 Qc3 40. Qe2
h4 41. gxh4 Qc7 42. Qh5 Qc1 43. Qf3 Qe1 44. h5 Qh4 45. h3 Bc1 46. Nxe5 Be3 47.
Ng6 Qe1 48. Kh2 Bxd3 49. e5+ Kb8 50. Qf8+ Kb7 51. Qe7+ Kb6 52. Qd8+ Kb7 53.
Bg2+ Ka6 54. Qd6+ Ka5 55. Qa3+ Kb6 56. Qd6+ Ka5 57. Qa3+ Kb6 58. Qxd3 Qg1+ 59.
Kg3 Qf2+ 1/2-1/2

[Event "Campeonato del Mundo sub-20 2010 Fem."]
[Site "Chotowa-Czarna, Poland"]
[Date "2010.08.05"]
[Round "3.15"]
[White "Deur, Zrinka"]
[Black "Nesterovskaya, Anzhelika"]
[Result "1/2-1/2"]
[WhiteElo "2061"]
[BlackElo "2177"]
[PlyCount "57"]
[EventDate "2010.08.03"]
[EventType "swiss"]
[EventRounds "13"]
[EventCountry "POL"]
[Source "lmi"]
[SourceDate "2010.08.03"]

1. e4 c5 2. Nf3 d6 3. d4 cxd4 4. Nxd4 Nf6 5. Nc3 g6 6. Be2 a6 7. Be3 Qc7 8. Bc1
Qd8 9. Be3 Qc7 10. O-O b5 11. f4 Nbd7 12. Bf3 e5 13. Nb3 Bb7 14. Qd2 Nb6 15.
Na5 Be7 16. Qf2 Nfd7 17. Nxb7 Qxb7 18. fxe5 dxe5 19. Bg4 O-O 20. Bxd7 Nxd7 21.
Nd5 Bd6 22. Rad1 f5 23. Qh4 f4 24. Bf2 Rae8 25. Qh3 Qc6 26. Nb4 Bxb4 27. Rxd7
Re7 28. Qb3+ Kg7 29. Rd5 1/2-1/2

[Event "Campeonato del Mundo sub-20 2010 Fem."]
[Site "Chotowa-Czarna, Poland"]
[Date "2010.08.05"]
[Round "3.17"]
[White "Chierici, Marianna"]
[Black "Exler, Veronika"]
[Result "1-0"]
[WhiteElo "2016"]
[BlackElo "2143"]
[PlyCount "97"]
[EventDate "2010.08.03"]
[EventType "swiss"]
[EventRounds "13"]
[EventCountry "POL"]
[Source "lmi"]
[SourceDate "2010.08.03"]

1. e4 e5 2. Nf3 d6 3. d4 exd4 4. Nxd4 Nf6 5. Nc3 Be7 6. Bc4 O-O 7. O-O Re8 8.
Re1 Bf8 9. Bg5 Nbd7 10. a4 c6 11. Qd2 Ne5 12. Bb3 h6 13. Bh4 Ng6 14. Bg3 Nh5
15. Re3 Qg5 16. Nf3 Qf6 17. e5 dxe5 18. Ne4 Qe7 19. Bxe5 Nxe5 20. Nxe5 Be6 21.
Nc4 Rad8 22. Qa5 Qb4 23. Qxh5 Bxc4 24. Bxc4 Qxc4 25. Rae1 Re6 26. Qh4 Qd5 27.
Rd3 Qa5 28. b4 Be7 29. Qxe7 Rxe7 30. bxa5 Rxd3 31. cxd3 f5 32. Nf6+ Kf7 33.
Rxe7+ Kxe7 34. Nh5 g6 35. Nf4 g5 36. Ne2 Kd6 37. Nd4 Kc5 38. Nc2 b6 39. axb6
Kxb6 40. Nd4 Kc5 41. Nxf5 a5 42. Nxh6 Kb4 43. Nf5 Kxa4 44. Nd4 Ka3 45. Nxc6 a4
46. Na5 Kb4 47. Nc4 Kc3 48. Kf1 Kxd3 49. Nb2+ 1-0

[Event "Campeonato del Mundo sub-20 2010 Fem."]
[Site "Chotowa-Czarna, Poland"]
[Date "2010.08.05"]
[Round "3.18"]
[White "Guadamuro Torrente, Anabel"]
[Black "Dragojevic, Marija"]
[Result "1-0"]
[WhiteElo "2137"]
[BlackElo "1986"]
[PlyCount "73"]
[EventDate "2010.08.03"]
[EventType "swiss"]
[EventRounds "13"]
[EventCountry "POL"]
[Source "lmi"]
[SourceDate "2010.08.03"]

1. e4 c5 2. Nf3 e6 3. g3 Nc6 4. Bg2 Nf6 5. d3 d5 6. e5 Nd7 7. Qe2 Be7 8. O-O
Qc7 9. Re1 b6 10. Bf4 Bb7 11. Nc3 Nd4 12. Nxd4 cxd4 13. Nxd5 Bxd5 14. Bxd5 Rc8
15. Bg2 Bb4 16. Rec1 h6 17. a3 Be7 18. Re1 g5 19. Bd2 h5 20. Qe4 Nc5 21. Qxd4
h4 22. Qg4 hxg3 23. hxg3 Nd7 24. Bc3 Qb8 25. d4 Rc4 26. Qe2 b5 27. d5 Bc5 28.
dxe6 fxe6 29. Rad1 Qc7 30. Qd3 Nf8 31. Re2 a6 32. Red2 Bb6 33. Qd6 Rh7 34. Bb4
Rf7 35. Qxc7 Bxc7 36. b3 Rg4 37. Bc6+ 1-0

[Event "Campeonato del Mundo sub-20 2010 Fem."]
[Site "Chotowa-Czarna, Poland"]
[Date "2010.08.05"]
[Round "3.19"]
[White "Kasperek, Joanna"]
[Black "Andrenko, Irina"]
[Result "1/2-1/2"]
[WhiteElo "2001"]
[BlackElo "2133"]
[PlyCount "86"]
[EventDate "2010.08.03"]
[EventType "swiss"]
[EventRounds "13"]
[EventCountry "POL"]
[Source "lmi"]
[SourceDate "2010.08.03"]

1. e4 c5 2. Nf3 d6 3. d4 cxd4 4. Qxd4 Nc6 5. Bb5 Bd7 6. Bxc6 Bxc6 7. Nc3 Nf6 8.
Bg5 e6 9. O-O-O Be7 10. Qd3 h6 11. Bxf6 Bxf6 12. Nd4 O-O 13. f4 Qa5 14. Kb1
Rac8 15. g4 Rfd8 16. h4 Qb4 17. Nce2 Bxd4 18. Nxd4 e5 19. Nxc6 bxc6 20. g5 h5
21. Qf3 exf4 22. Qxf4 Rb8 23. b3 Rb5 24. Rhf1 Rd7 25. Qf3 Rc5 26. Rf2 Re5 27.
c4 a5 28. Qxh5 a4 29. Rb2 a3 30. Rc2 Rxe4 31. g6 fxg6 32. Qxg6 Rde7 33. Rcd2
R7e6 34. Qf5 R4e5 35. Qf3 Re1 36. Rd3 R6e2 37. Qxc6 Rb2+ 38. Ka1 Rxd1+ 39. Rxd1
Qc3 40. Qe8+ Kh7 41. Qh5+ Kg8 42. Qe8+ Kh7 43. Qh5+ Kg8 1/2-1/2

[Event "Campeonato del Mundo sub-20 2010 Fem."]
[Site "Chotowa-Czarna, Poland"]
[Date "2010.08.05"]
[Round "3.20"]
[White "Saduakassova, Dinara"]
[Black "Tomaszewska, Luiza"]
[Result "1/2-1/2"]
[WhiteElo "2131"]
[BlackElo "1968"]
[PlyCount "44"]
[EventDate "2010.08.03"]
[EventType "swiss"]
[EventRounds "13"]
[EventCountry "POL"]
[Source "lmi"]
[SourceDate "2010.08.03"]

1. e4 c5 2. Nf3 d6 3. d4 cxd4 4. Nxd4 Nf6 5. Nc3 Nc6 6. Bg5 e6 7. Qd2 a6 8.
O-O-O Bd7 9. Bxf6 gxf6 10. f4 h5 11. Kb1 Qc7 12. g3 O-O-O 13. Bh3 Kb8 14. Nce2
Be7 15. f5 Nxd4 16. Nxd4 e5 17. Ne2 Bc6 18. Nc3 Rc8 19. Qe2 Qd7 20. Qc4 Bb5 21.
Qxf7 Bc4 22. Nd5 Bxa2+ 1/2-1/2

[Event "Campeonato del Mundo sub-20 2010 Fem."]
[Site "Chotowa-Czarna, Poland"]
[Date "2010.08.05"]
[Round "3.21"]
[White "Anu, Bayar"]
[Black "Baciu, Diana"]
[Result "0-1"]
[WhiteElo "1935"]
[BlackElo "2127"]
[PlyCount "58"]
[EventDate "2010.08.03"]
[EventType "swiss"]
[EventRounds "13"]
[EventCountry "POL"]
[Source "lmi"]
[SourceDate "2010.08.03"]

1. d4 d5 2. c4 c6 3. cxd5 cxd5 4. Nc3 Nf6 5. Bf4 Nc6 6. e3 a6 7. Bd3 e6 8. Nf3
Be7 9. O-O O-O 10. Rc1 Nh5 11. Bg3 Nxg3 12. hxg3 Bd7 13. Qe2 g6 14. Rfd1 Bf6
15. a3 Ne7 16. e4 dxe4 17. Nxe4 Bg7 18. Nc5 Bc6 19. Ne5 Qxd4 20. Nxc6 bxc6 21.
Rc2 Rfd8 22. Nxe6 fxe6 23. Qxe6+ Kf8 24. Rc4 Qe5 25. Rf4+ Nf5 26. Qxc6 Kg8 27.
Re4 Qf6 28. Re6 Qf8 29. g4 Nd4 0-1

[Event "Campeonato del Mundo sub-20 2010 Fem."]
[Site "Chotowa-Czarna, Poland"]
[Date "2010.08.05"]
[Round "3.22"]
[White "Adamowicz, Katarzyna"]
[Black "Lis, Marcelina"]
[Result "1-0"]
[WhiteElo "2123"]
[BlackElo "1905"]
[PlyCount "76"]
[EventDate "2010.08.03"]
[EventType "swiss"]
[EventRounds "13"]
[EventCountry "POL"]
[Source "lmi"]
[SourceDate "2010.08.03"]

1. e4 c5 2. Nf3 e6 3. d4 cxd4 4. Nxd4 a6 5. Nc3 Qc7 6. Bd3 Nf6 7. O-O b5 8. Kh1
Bb7 9. Qe2 Nc6 10. Nb3 Be7 11. f4 d6 12. Be3 Rc8 13. Rae1 O-O 14. Qf3 Rfe8 15.
Qh3 Nb4 16. a3 Nxd3 17. cxd3 Nd7 18. Nd2 Nc5 19. Bg1 Nd7 20. Nf3 Bf6 21. Nd4
Nc5 22. Nce2 Qd7 23. Rc1 a5 24. Rfd1 Ba6 25. b4 axb4 26. axb4 Na4 27. Qe3 Bb7
28. Ng3 g6 29. Qd2 Bg7 30. f5 exf5 31. exf5 Re5 32. Rf1 Rxc1 33. Qxc1 Qd8 34.
Qf4 Nb2 35. fxg6 fxg6 36. Qf7+ Kh8 37. Qxb7 Nxd3 38. Nc6 Bf8 1-0

[Event "Campeonato del Mundo sub-20 2010 Fem."]
[Site "Chotowa-Czarna, Poland"]
[Date "2010.08.05"]
[Round "3.23"]
[White "Orehek, Spela"]
[Black "Newrkla, Katharina"]
[Result "1/2-1/2"]
[WhiteElo "1883"]
[BlackElo "2105"]
[PlyCount "89"]
[EventDate "2010.08.03"]
[EventType "swiss"]
[EventRounds "13"]
[EventCountry "POL"]
[Source "lmi"]
[SourceDate "2010.08.03"]

1. e4 c5 2. c3 d5 3. exd5 Qxd5 4. d4 Nf6 5. Nf3 Bg4 6. Be2 e6 7. h3 Bh5 8. O-O
Nc6 9. Be3 cxd4 10. cxd4 Be7 11. Nc3 Qd6 12. Qb3 O-O 13. Rfd1 Rfd8 14. a3 a6
15. Rac1 h6 16. g3 Nd5 17. Nxd5 Qxd5 18. Qxd5 Rxd5 19. g4 Bg6 20. Ne5 Nxe5 21.
dxe5 Rxe5 22. Bf3 Rb5 23. Rd7 Bf6 24. Bxb7 Rb8 25. Bxa6 Ra5 26. Bd3 Bxd3 27.
Rxd3 Rxb2 28. Rc7 Ra2 29. Rdd7 R2xa3 30. Rxf7 Be5 31. Ra7 Rxa7 32. Rxa7 Rxa7
33. Bxa7 Kf7 34. Kg2 Kg6 35. Be3 h5 36. Kf3 hxg4+ 37. hxg4 Kf6 38. Ke4 Bc3 39.
Bb6 g6 40. Bd8+ Kf7 41. f4 Bb2 42. Bc7 Bc3 43. Be5 Ba5 44. Kd3 Bb6 45. Ke4
1/2-1/2

[Event "Campeonato del Mundo sub-20 2010 Fem."]
[Site "Chotowa-Czarna, Poland"]
[Date "2010.08.05"]
[Round "3.24"]
[White "Forestier, Carole"]
[Black "Gora, Antonina"]
[Result "1-0"]
[WhiteElo "2103"]
[BlackElo "1579"]
[PlyCount "59"]
[EventDate "2010.08.03"]
[EventType "swiss"]
[EventRounds "13"]
[EventCountry "POL"]
[Source "lmi"]
[SourceDate "2010.08.03"]

1. d4 Nf6 2. c4 g6 3. Nc3 d5 4. Bg5 c6 5. Bxf6 exf6 6. cxd5 cxd5 7. Qb3 Nc6 8.
Qxd5 Be6 9. Qxd8+ Rxd8 10. e3 Nb4 11. Bb5+ Bd7 12. Bxd7+ Rxd7 13. O-O-O Bh6 14.
Nf3 O-O 15. Kb1 a6 16. Rd2 b5 17. d5 Rfd8 18. Rhd1 a5 19. a3 Na6 20. Nxb5 Nc5
21. Nc3 Bg7 22. Nd4 f5 23. Nc6 Ra8 24. Ka2 a4 25. f3 Re8 26. Re2 Rc8 27. e4
fxe4 28. fxe4 Re8 29. e5 Rb7 30. d6 1-0

[Event "Campeonato del Mundo sub-20 2010 Fem."]
[Site "Chotowa-Czarna, Poland"]
[Date "2010.08.05"]
[Round "3.29"]
[White "Correa, Jaqueline Pamplona"]
[Black "Corke, Anya"]
[Result "0-1"]
[WhiteElo "1928"]
[BlackElo "2257"]
[PlyCount "76"]
[EventDate "2010.08.03"]
[EventType "swiss"]
[EventRounds "13"]
[EventCountry "POL"]
[Source "lmi"]
[SourceDate "2010.08.03"]

1. e4 c5 2. Nf3 e6 3. d4 cxd4 4. Nxd4 a6 5. Bd3 Nf6 6. O-O Qc7 7. c4 Bc5 8. Nc2
Nc6 9. Nc3 Ne5 10. Be2 h5 11. Ne3 Bxe3 12. Bxe3 Neg4 13. g3 Nxe3 14. fxe3 d6
15. Qd4 Ke7 16. Rf2 Bd7 17. Raf1 Raf8 18. b4 b6 19. a3 Rh6 20. Bf3 Rg6 21. Rd1
Rg5 22. Rdf1 Re5 23. Rd1 Ne8 24. Rfd2 Rh8 25. a4 f6 26. a5 bxa5 27. c5 Kf7 28.
cxd6 Qc8 29. bxa5 Rxa5 30. Be2 h4 31. Qb4 Rg5 32. g4 a5 33. Qa3 h3 34. Kf2 Rh4
35. Rg1 Qc6 36. Rd4 Rc5 37. Na4 Rc2 38. Kf3 e5 0-1